3 kérdés Dr. Cselőtei István KPVDSZ-titkárhoz

Elmentve itt :
Bibliográfiai részletek
Szerző: Tandi Lajos
Dokumentumtípus: Cikk
Megjelent: 1984-11-03
Sorozat:Délmagyarország 74 No. 259
Kulcsszavak:Cselőtei István, szakszervezetek
Online Access:http://dmarchiv.bibl.u-szeged.hu/92806
LEADER 00484nab a2200157 i 4500
001 delm92806
005 20190903094100.0
008 190903s1984 hu o 0|| hun d
040 |a SZTE Délmagyarország Archívum  |b hun 
041 |a hun 
100 1 |a Tandi Lajos 
245 1 0 |a 3 kérdés Dr. Cselőtei István KPVDSZ-titkárhoz  |h [elektronikus dokumentum] /  |c  Tandi Lajos 
260 |c 1984-11-03 
300 |a 4 
490 0 |a Délmagyarország  |v 74 No. 259 
695 |a Cselőtei István, szakszervezetek